Statistiken für Alle Austragungsorte der Fußballweltmeisterschaft

Klicken Sie hier um das Quiz zu spielen!

Allgemein

  • Dieses Quiz wurde 1.600 mal gespielt
  • Das Durchschnittsergebnis liegt bei 18 aus 23

Antwortstatistiken

JahrAustragungsort% Korrekt
2006Deutschland
99%
1974Deutschland
99%
2014Brasilien
98%
1950Brasilien
98%
2018Russland
96%
1990Italien
94%
1934Italien
94%
1938Frankreich
93%
1998Frankreich
93%
2022Katar
92%
2010Südafrika
90%
1930Uruguay
87%
1978Argentinien
86%
1982Spanien
86%
1966England
84%
1986Mexiko
82%
1970Mexiko
82%
1954Schweiz
74%
1958Schweden
60%
1962Chile
45%
1994Vereinigte Staaten
44%
2002Südkorea/Japan
36%
2026Kanada/Mexiko/Vereinigte Staaten
5%

Verteilung der Resultate

Perzentil nach korrekt beantworteten Fragen

Anzahl Personen mit jedem Resultat

Ihre Resultats-Entwicklung

Sie haben dieses Quiz noch nicht gespielt